Minőség - Minőségbiztosítás - ISO 9000 szabványsorozat
Elmentve itt :
| Szerző: | |
|---|---|
| További közreműködők: | |
| Dokumentumtípus: | Szakdolgozat |
| Megjelent: |
1999
|
| Tárgyszavak: | |
| Online Access: | http://diploma.bibl.u-szeged.hu/25179 |
| LEADER | 00569nta a2200157 i 4500 | ||
|---|---|---|---|
| 001 | dipl25179 | ||
| 005 | 20130314083227.0 | ||
| 008 | 111117s1999 hu om 0|| zxx d | ||
| 040 | |a SZTE Diploma Repozitórium |b hun | ||
| 041 | |a zxx | ||
| 100 | 1 | |a Kriska Ágnes | |
| 245 | 1 | 0 | |a Minőség - Minőségbiztosítás - ISO 9000 szabványsorozat |h [elektronikus dokumentum] / |c Ágnes Kriska |
| 260 | |c 1999 | ||
| 650 | 4 | |a Jogi és igazgatási tanulmányok | |
| 700 | 2 | |a F. Szabó János |e ths | |
| 856 | 4 | 0 | |u http://diploma.bibl.u-szeged.hu/id/eprint/25179/1/1999_kriska_agnes.pdf |z Dokumentum-elérés |